Najczęściej występujące w Polsce męskie imiona - Statystyki

Ogólne statystyki
  • Ten quiz został rozwiązany 21 razy
  • Średni wynik to 2 z 100
Statystyki odpowiedzi
Hint Extra Hint Odpowiedź % Poprawnych
10. 401674 Adam
33%
18. 283981 Dariusz
17%
1. 689313 Piotr
17%
49. 148895 Adrian
11%
4. 533141 Andrzej
11%
77. 60543 Eugeniusz
11%
85. 51681 Alan
6%
88. 46767 Cezary
6%
68. 79225 Edward
6%
97. 35069 Fabian
6%
47. 160865 Henryk
6%
9. 426709 Jakub
6%
7. 477845 Jan
6%
45. 165749 Karol
6%
2. 641406 Krzysztof
6%
73. 69948 Maksymilian
6%
69. 77900 Marcel
6%
53. 135118 Mikołaj
6%
94. 39546 Norbert
6%
48. 154503 Aleksander
0%
44. 169877 Antoni
0%
55. 133350 Arkadiusz
0%
33. 196863 Artur
0%
57. 125686 Bartłomiej
0%
30. 204121 Bartosz
0%
98. 33016 Błażej
0%
63. 94808 Bogdan
0%
79. 59183 Bogusław
0%
74. 65077 Czesław
0%
37. 183944 Damian
0%
43. 170020 Daniel
0%
25. 238566 Dawid
0%
54. 134888 Dominik
0%
100. 29031 Emil
0%
99. 29598 Eryk
0%
42. 170474 Filip
0%
52. 136096 Franciszek
0%
91. 43293 Gabriel
0%
14. 374820 Grzegorz
0%
67. 89347 Hubert
0%
90. 44828 Ignacy
0%
64. 92562 Igor
0%
80. 59158 Ireneusz
0%
27. 231162 Jacek
0%
38. 180439 Janusz
0%
34. 190644 Jarosław
0%
26. 236958 Jerzy
0%
29. 204623 Józef
0%
93. 41697 Julian
0%
28. 228002 Kacper
0%
23. 251064 Kamil
0%
50. 143008 Kazimierz
0%
66. 90609 Konrad
0%
60. 111386 Krystian
0%
78. 59412 Leon
0%
59. 112775 Leszek
0%
11. 383582 Łukasz
0%
19. 267723 Maciej
0%
87. 47180 Maksym
0%
8. 449607 Marcin
0%
12. 378001 Marek
0%
56. 128983 Marian
0%
17. 286869 Mariusz
0%
13. 377011 Mateusz
0%
6. 492093 Michał
0%
71. 75622 Mieczysław
0%
76. 64993 Miłosz
0%
40. 179134 Mirosław
0%
75. 65048 Nikodem
0%
81. 57126 Oliwier
0%
70. 77197 Oskar
0%
39. 179984 Patryk
0%
5. 506006 Paweł
0%
46. 165702 Przemysław
0%
62. 103780 Radosław
0%
20. 261766 Rafał
0%
22. 259284 Robert
0%
41. 174905 Roman
0%
31. 201190 Ryszard
0%
35. 185914 Sebastian
0%
36. 184574 Sławomir
0%
15. 366180 Stanisław
0%
82. 55554 Stefan
0%
84. 53517 Sylwester
0%
24. 240430 Szymon
0%
32. 198702 Tadeusz
0%
3. 536774 Tomasz
0%
95. 39108 Tymon
0%
96. 37744 Tymoteusz
0%
61. 106227 Waldemar
0%
51. 136950 Wiesław
0%
58. 114841 Wiktor
0%
83. 55400 Witold
0%
72. 70920 Władysław
0%
89. 45993 Włodzimierz
0%
16. 335311 Wojciech
0%
21. 261536 Zbigniew
0%
65. 92444 Zdzisław
0%
92. 41806 Zenon
0%
86. 50796 Zygmunt
0%
Nie znaleziono quizów pasujących do podanych kryteriów
Rozkład punktacji
Procent ludzi z każdym wynikiem
Percentyl według liczby udzielonych odpowiedzi
Twoja historia wyników
Nie rozwiązałeś tego quizu